000 00388nam a2200145Ia 4500
005 20250729165805.0
008 250729s2017 xx 000 0 und d
041 _aeng
082 _a370.25 SATN
100 _aDr.Satish S Satav
_9233081
245 _aNew Treands in Teaching and Learning
260 _aNew Delhi
_bIshika Publishing
_c2017
300 _a310p
650 _aEducation
_9233082
999 _c240103
_d240103